00207nam a2200085 a 4500008004100000050001500041100001200056245004400068350000900112120416s9999 xx |||||||||||||| || u aTD 481 Hal aHall, F10aWater installation and drainage systems a0.00